Object Tracking (E-Book) (Record no. 192447)
[ view plain ]
| 000 -LEADER | |
|---|---|
| fixed length control field | 00374 a2200145 4500 |
| 003 - CONTROL NUMBER IDENTIFIER | |
| control field | Nust |
| 005 - DATE AND TIME OF LATEST TRANSACTION | |
| control field | 20170207154037.0 |
| 040 ## - CATALOGING SOURCE | |
| Transcribing agency | Nust |
| 100 ## - MAIN ENTRY--PERSONAL NAME | |
| Personal name | Hanna Goszczynska |
| 245 ## - TITLE STATEMENT | |
| Title | Object Tracking (E-Book) |
| Statement of responsibility, etc. | Hanna Goszczynska |
| 260 ## - PUBLICATION, DISTRIBUTION, ETC. | |
| Place of publication, distribution, etc. | India |
| Name of publisher, distributor, etc. | Intech |
| Date of publication, distribution, etc. | © 2011 |
| 300 ## - PHYSICAL DESCRIPTION | |
| Extent | 296p; |
| 505 ## - FORMATTED CONTENTS NOTE | |
| Formatted contents note | PART-1: Methods (Page-1) 1PART-2: Applications (Page-199) |
| 651 ## - SUBJECT ADDED ENTRY--GEOGRAPHIC NAME | |
| Geographic name | (E-Book) |
| 942 ## - ADDED ENTRY ELEMENTS (KOHA) | |
| Source of classification or shelving scheme | |
| Koha item type | Book |
| Withdrawn status | Lost status | Source of classification or shelving scheme | Damaged status | Not for loan | Collection code | Permanent Location | Current Location | Date acquired | Total Checkouts | Barcode | Date last seen | Price effective from | Koha item type |
|---|---|---|---|---|---|---|---|---|---|---|---|---|---|
| Military College of Signals (MCS) | Military College of Signals (MCS) | 12/12/2016 | MCSEB-1556 | 12/08/2016 | 12/12/2016 | Book |
